[Event "Budapest FS08 IM-A"]
[Site "Budapest"]
[Date "2006.08.09"]
[Round "5"]
[White "Rudolf, Anna"]
[Black "Borgbjerg, Ejner Tatari"]
[Result "1/2-1/2"]
[WhiteElo "2249"]
[BlackElo "2303"]
[PlyCount "77"]
[EventDate "2006.08.05"]
[EventType "tourn"]
[EventRounds "13"]
[EventCountry "HUN"]
[EventCategory "2"]
[SourceTitle "CBM 113 Extra"]
[Source "ChessBase"]
[SourceDate "2006.09.14"]
[SourceVersion "1"]
[SourceVersionDate "2006.09.14"]
[SourceQuality "1"]

1. e4 e5 2. Nf3 Nf6 3. d4 Nxe4 4. Bd3 Nc6 5. dxe5 Nc5 6. Bc4 d6 7. 0-0 dxe5 8. Qxd8+ Nxd8 9. Nxe5 Be6 10. Na3 f6 11. Nf3 Bxc4 12. Nxc4 Nde6 13. Be3 Kf7 14. Rad1 Be7 15. Na5 b6 16. Nc6 Bd6 17. Nfd4 Nxd4 18. Nxd4 Na4 19. b3 Nc3 20. Rd3 Nd5 21. Nb5 Nxe3 22. Nxd6+ cxd6 23. fxe3 Rhe8 24. Kf2 Re6 25. Rfd1 Ke7 26. c4 Rc8 27. Rd5 Rc5 28. Kf3 Rc6 29. R1d4 Re5 30. Rxe5+ dxe5 31. Rd5 Rc5 32. e4 Rxd5 33. cxd5 Kd6 34. g4 g5 35. Ke2 Kc5 36. b4+ Kd6 37. a4 a6 38. Kd3 b5 39. a5 1/2-1/2

[Event "Budapest FS08 IM-A"]
[Site "Budapest"]
[Date "2006.08.07"]
[Round "3"]
[White "Konnyu, Janos"]
[Black "Borgbjerg, Ejner Tatari"]
[Result "0-1"]
[WhiteElo "2277"]
[BlackElo "2303"]
[PlyCount "68"]
[EventDate "2006.08.05"]
[EventType "tourn"]
[EventRounds "13"]
[EventCountry "HUN"]
[EventCategory "2"]
[SourceTitle "CBM 113 Extra"]
[Source "ChessBase"]
[SourceDate "2006.09.14"]
[SourceVersion "1"]
[SourceVersionDate "2006.09.14"]
[SourceQuality "1"]

1. e4 c5 2. Nf3 g6 3. d4 cxd4 4. Nxd4 Nc6 5. c4 Bg7 6. Be3 Nf6 7. Nc3 0-0 8. Be2 d6 9. 0-0 Nxd4 10. Bxd4 Bd7 11. Kh1 Bc6 12. f3 a5 13. Rc1 Re8 14. Qd2 Nd7 15. Bxg7 Kxg7 16. f4 Nf6 17. Bd3 a4 18. Qe2 e5 19. f5 g5 20. Qe3 h6 21. Be2 Qa5 22. Rfd1 Qc5 23. Qd3 Red8 24. h3 Qb4 25. Rd2 Bxe4 26. Nxe4 Nxe4 27. Qxe4 Qxd2 28. f6+ Kg8 29. Rf1 Qd4 30. Qf5 e4 31. Bh5 Qxc4 32. Bg4 Ra5 33. Qf2 Re5 34. Be2 Qc5 0-1

[Event "IECG CA.2006.0.00171 email"]
[Site "IECG email"]
[Date "2006.04.22"]
[Round "?"]
[White "Borgbjerg, Ejner Tatari"]
[Black "Svartbo, Martin"]
[Result "1/2-1/2"]
[WhiteElo "2125"]
[BlackElo "1899"]
[PlyCount "41"]
[EventDate "2006.04.22"]
[EventType "tourn (corr)"]
[EventRounds "6"]
[SourceTitle "Corr 2008"]
[Source "ChessBase"]
[SourceDate "2008.06.24"]
[SourceVersion "1"]
[SourceVersionDate "2008.06.24"]
[SourceQuality "1"]

1. c4 e5 2. g3 Nf6 3. Bg2 d5 4. cxd5 Nxd5 5. Nf3 Nc6 6. 0-0 Nb6 7. Nc3 Be7 8. a3 0-0 9. b4 Be6 10. Rb1 f6 11. d3 Nd4 12. Be3 Nxf3+ 13. Bxf3 c6 14. Ne4 Nd5 15. Bd2 b6 16. Qc2 Qd7 17. Rfc1 Rfc8 18. Qb2 Rc7 19. Rc2 h6 20. Nc3 Rac8 21. Nxd5 1/2-1/2

[Event "IECG CA.2006.0.00171 email"]
[Site "IECG email"]
[Date "2006.04.22"]
[Round "1"]
[White "Zhdanenia, Konstantin A"]
[Black "Borgbjerg, Ejner Tatari"]
[Result "1/2-1/2"]
[WhiteElo "2102"]
[BlackElo "2125"]
[PlyCount "44"]
[EventDate "2006.04.22"]
[EventType "tourn (corr)"]
[EventRounds "6"]
[SourceTitle "Corr 2008"]
[Source "ChessBase"]
[SourceDate "2008.06.24"]
[SourceVersion "1"]
[SourceVersionDate "2008.06.24"]
[SourceQuality "1"]

1. e4 c5 2. Nf3 g6 3. d4 cxd4 4. Nxd4 Nc6 5. Nc3 Bg7 6. Be3 Nf6 7. Bc4 0-0 8. Bb3 a5 9. f3 d5 10. exd5 Nb4 11. Nde2 a4 12. Nxa4 Nfxd5 13. Bf2 Bf5 14. a3 Nxc2+ 15. Bxc2 Qa5+ 16. b4 Nxb4 17. axb4 Qxb4+ 18. Qd2 Qxd2+ 19. Kxd2 Bxa1 20. Rxa1 Bxc2 21. Kxc2 b5 22. Nec3 bxa4 1/2-1/2

[Event "IECG CM.2001.0.00145"]
[Site "IECG email"]
[Date "2001.06.14"]
[Round "?"]
[White "Borgbjerg, Ejner Tatari"]
[Black "Labahn, Wolfgang"]
[Result "1/2-1/2"]
[WhiteElo "2200"]
[BlackElo "2225"]
[PlyCount "90"]
[EventDate "2001.06.14"]
[EventType "tourn (corr)"]
[EventRounds "6"]
[SourceTitle "Corr 2008"]
[Source "ChessBase"]
[SourceDate "2008.06.24"]
[SourceVersion "1"]
[SourceVersionDate "2008.06.24"]
[SourceQuality "1"]

1. Nf3 d5 2. g3 Nf6 3. Bg2 g6 4. 0-0 Bg7 5. d4 0-0 6. c4 dxc4 7. Na3 c3 8. bxc3 c5 9. e3 Nc6 10. Qe2 Bf5 11. Rd1 Qb6 12. Bb2 Rfd8 13. Nc4 Qa6 14. Bf1 Ne4 15. Nfd2 Rac8 16. a4 Nxd2 17. Qxd2 Be6 18. Na3 Qa5 19. Nc4 Bxc4 20. Bxc4 cxd4 21. cxd4 Qxd2 22. Rxd2 Nxd4 23. Bxf7+ Kxf7 24. Bxd4 Rc4 25. a5 Bxd4 26. exd4 Rdxd4 27. Rxd4 Rxd4 28. Rb1 Rd7 29. h4 b6 30. axb6 Rb7 31. h5 g5 32. Rb5 axb6 33. f3 Ke6 34. Kf2 h6 35. Ke3 Kd6 36. f4 gxf4+ 37. Kxf4 Kc6 38. Re5 b5 39. Re6+ Kd5 40. Rxh6 b4 41. Ra6 b3 42. Ra1 Ke6 43. g4 Rb5 44. g5 Rb4+ 45. Ke3 b2 1/2-1/2